Представление документа в формате RUSMARC

ПолеНазваниеЗначение
  Тип записи a
  Библиографический уровень m
001 Контрольный номер UONB/MAIN/b3c1c8117ea0449b8ab6ccf91cf19aa8
005 Дата корректировки 20251021165929.4
010 Индекс ISBN __
b Уточнения в пер.
d Цена 2 р. 37 к.
9 Тираж 4000 экз.
100 Данные общей обработки __
a Данные общей обработки 20251021d1966 u u0rusy0189## ca
101 Язык документа 0_
a Язык текста rus
102 Страна публикации __
a Страна публикации RU
105 Кодированные данные (монография) __
a Кодированные данные (монография) a z 001yy
200 Заглавие и сведения об ответственности 1_
a Заглавие Технико-экономическое планирование на машиностроительном заводе
f Первые сведения об ответственности Б. В. Воскресенский, Г. Я. Метт, В. И. Ганштак и другие
g Последующие сведения об ответственности под редакцией Б. В. Воскресенского
203 Вид содержания и тип средства __
a Вид содержания Текст
b Характеристика содержания визуальный
c Тип средства непосредственный
210 Выходные данные 1_
a Место издания Москва
c Издательство Машиностроение
d Дата издания 1966
215 Физическое описание __
a Объем 512 с.
c Иллюстрации/тип воспроизводства ил., черт.
d Формат 22 см
225 Серия 1_
a Серия Инженерно-экономическая монография
320 Библиография __
a Библиография Библиогр.: с. 508-510
606 Тематические рубрики 0_
a Основная рубрика Машиностроительные заводы
x Основная подрубрика Планирование
610 Ключевые слова 0_
a Ключевые слова машиностроение; машиностроительные заводы; технико-экономическое планирование
675 Индекс УДК __
a Индекс УДК 6П5.4-030.2
686 Индексы других классификаций __
a Классификационный индекс 34
2 Код системы rubbk
701 Альтернативная интеллектуальная ответственность _1
a Фамилия Воскресенский
b Имя (инициалы) Б. В.
g Полное личное имя Борис Васильевич
4 Код отношения 070
701 Альтернативная интеллектуальная ответственность _1
a Фамилия Воскресенский
b Имя (инициалы) Б. В.
4 Код отношения 070
701 Альтернативная интеллектуальная ответственность _1
a Фамилия Метт
b Имя (инициалы) Г. Я.
4 Код отношения 070
701 Альтернативная интеллектуальная ответственность _1
a Фамилия Ганштак
b Имя (инициалы) В. И.
4 Код отношения 070
702 Вторичная интеллектуальная ответственность _1
a Фамилия Воскресенский
b Имя (инициалы) Б. В.
g Полное личное имя Борис Васильевич
4 Код отношения 340
801 Источник записи _0
a Страна RU
b Организация Ульяновская ОНБ
c Дата составления 20251021
g Правила каталогизации RCR
801 Источник записи _1
a Страна RU
b Организация Ульяновская ОНБ
c Дата составления 20251021
g Правила каталогизации RCR
901 Тип документа __
t Тип документа m
909 Создатель записи __
a Создатель записи Агапова
b Дата создания записи 20251021